Statistics for Fastest Premier League Hat-Tricks in History

Click here to take the quiz!

General Stats

  • This quiz has been taken 8 times
  • The average score is 7 of 10

Answer Stats

RankTimeDateHintAnswer% Correct
810 minutes6th February 1999Manchester United vs Nottingham ForestOle Gunnar Solskjær
100%
58 minutes3rd October 2015Manchester City Newcastle UnitedSergio Agüero
100%
25 minutes28th August 1994Liverpool vs ArsenalRobbie Fowler
88%
13 minutes16th May 2015Southampton vs Aston VillaSadio Mane
88%
37 minutes22nd November 2009Tottenham Hotspur vs Wigan AthleticJermain Defoe
75%
68 minutes9th April 2016West Ham United vs ArsenalAndy Carroll
63%
47 minutes17th August 2008Aston Villa vs Manchester CityGabriel Agbonlahor
63%
79 minutes15th April 1995Arsenal vs Ipswich TownIan Wright
63%
910 minutes28th October 2000Manchester United vs SouthamptonTeddy Sheringham
63%
1010 minutes5th August 2003Arsenal vs SouthamptonJermaine Pennant
13%

Score Distribution

Percentile by Number Answered

Percent of People with Each Score

Your Score History

You have not taken this quiz